000 00293nam a22001217a 4500
082 _a030
_bKNA/K-25
100 _aKNAPP,BRIAN
245 _aSCIENCE IN OUR WORLD:COMPUTERS AND ROBOTS
260 _aUK
_bATLANTINC EUROPE PUBLISHING
300 _a48
650 _aGENERAL KNOWLEDGE
_zUK
942 _cBK
999 _c2004
_d2004